000 00298nam a2200133Ia 4500
008 150301s2015 xx 000 0 und d
082 _a615.3
_bO07C
100 _aH.T. CLARKE
245 _aHB OF ORGANCE ANALYSIS
260 _bCBS- DELHI
300 _a290
650 _aCHEMISTRY
942 _2ddc
_cBK
999 _c7092
_d7092